| 000 | 00983cam a2200265 i 4500 | ||
|---|---|---|---|
| 999 |
_c1616 _d1616 |
||
| 003 | OSt | ||
| 005 | 20230116105930.0 | ||
| 008 | 161014s2016 nyua j 000 1 eng d | ||
| 020 | _a9781419712715 | ||
| 040 |
_aFMG _beng _erda _cFMG _dFOLLT _dOCLCO _dCaOL _dKH8 |
||
| 082 | _aFIC IGN | ||
| 100 | 1 |
_aIgnatow, Amy. _eauthor |
|
| 245 | 1 | 4 |
_aThe mighty odds / _cAmy Ignatow. |
| 264 | 1 |
_aNew York : _bAmulet Books, _cc2016. |
|
| 300 |
_a227 pages : _billustrations ; _c21 cm. |
||
| 336 |
_atext _2rdacontent. |
||
| 337 |
_aunmediated _2rdamedia. |
||
| 338 |
_avolume _2rdacarrier. |
||
| 520 | _aA bus crash gives four very different middle schoolers odd super powers, and although they wouldn't normally be caught dead together, they must pool their powers to find out what happened to them. | ||
| 650 | 0 |
_aSuperheroes _vJuvenile fiction. |
|
| 650 | 0 |
_aMiddle schools _vJuvenile fiction. |
|
| 650 | 0 |
_aSchools _vJuvenile fiction. |
|
| 830 | 0 |
_aMighty odds series ; _v[1] |
|
| 942 |
_2ddc _cNFIC |
||